000 00425nam a2200181Ia 4500
001 18670
005 20260306171647.0
008 260306s9999||||xx |||||||||||||| ||und||
041 _aESP
082 _a658.45
_bC48
100 _aCervera Fantoni, Angel Luis
_eAUT
245 0 _aComunicación total
260 _c2008
300 _a467 pƔginas :
_c24 cm.
650 _aGEN
654 _aCHU
942 _cLIB
_dJUS
_fJUS
_2ddc
_n
999 _c18670
_d18670